Major places starting with "B" - Statistics

General Stats
  • This quiz has been taken 10 times
  • The average score is 36 of 343
Answer Stats
Hint Answer % Correct
Major city/Subdivision Ba
89%
Country Brazil
89%
Country Bulgaria
89%
Country Bahamas
78%
Major city/Subdivision Baja California
78%
Country Bolivia
78%
Country Brunei
78%
Country Burkina Faso
78%
Country Bahrain
67%
Capital | Major city/Subdivision Bamako
67%
Major city/Subdivision Bar
67%
Country Belguim
67%
Major city/Subdivision Beni
67%
Country Benin
67%
Territory Bermuda
67%
Country Bosnia and Herzegovina
67%
Country Botswana
67%
Capital Buenos Aires
67%
Country Burundi
67%
Capital Bridgetown
67%
Country Barbados
56%
Country Belarus
56%
Major city/Subdivision Belgrade
56%
Country Belize
56%
Capital Belmopan
56%
Country Bhutan
56%
Major city/Subdivision Bratislava
56%
Capital Brazzaville
56%
Capital Basseterre
56%
Capital Berlin
56%
Capital Bogotá
56%
Capital Brussels
56%
Capital Bucharest
56%
Capital Budapest
56%
Capital | Major city/Subdivision Baghdad
44%
Sea Baltic Sea
44%
Country Bangladesh
44%
Major city/Subdivision Bangui
44%
Major city/Subdivision Banjul
44%
Capital Beijing
44%
Sea Bering Sea
44%
Major city/Subdivision Bern
44%
Major city/Subdivision Bishkek
44%
Sea Black Sea
44%
Capital Bangkok
44%
Capital Bangui
44%
Capital Banjul
44%
Capital Beijing
44%
Capital Bern
44%
Capital Bishkek
44%
Capital Bissau
44%
Capital Baku
33%
Major city/Subdivision Bali
33%
Sea Barents Sea
33%
Major city/Subdivision Bor
33%
Territory British Virgin Islands
33%
Major city/Subdivision Baku
33%
Capital Bandar Seri
33%
Major city/Subdivision Balearic Islands
22%
Sea Balearic Sea
22%
Major city/Subdivision Balkan
22%
Major city/Subdivision Bay
22%
Major city/Subdivision Beirut
22%
Major city/Subdivision Bonaire
22%
Major city/Subdivision Baden-Württemberg
11%
Major city/Subdivision Bahia
11%
Sea Bali Sea
11%
Major city/Subdivision Bari
11%
Major city/Subdivision Basra
11%
Major city/Subdivision Bavaria
11%
Major city/Subdivision Bié
11%
Sea Bismark Sea
11%
Major city/Subdivision Bremen
11%
Major city/Subdivision Brest
11%
Major city/Subdivision Brittany
11%
Major city/Subdivision Busan
11%
Major city/Subdivision Batman
11%
Capital Bloemfontein
11%
Major city/Subdivision Baalbek-Hermel
0%
Major city/Subdivision Babek
0%
Major city/Subdivision Babil
0%
Major city/Subdivision Babīte
0%
Major city/Subdivision Bacău
0%
Major city/Subdivision Bács-Kiskun
0%
Major city/Subdivision Badakhshan
0%
Major city/Subdivision Badghis
0%
Major city/Subdivision Bafatá
0%
Major city/Subdivision Baghlan
0%
Major city/Subdivision Bagmati
0%
Major city/Subdivision Bago
0%
Major city/Subdivision Bahah
0%
Major city/Subdivision Bahr el Gazel
0%
Major city/Subdivision Baie Lazare
0%
Major city/Subdivision Baie Sainte Anne
0%
Major city/Subdivision Baikonur
0%
Major city/Subdivision Baitsi
0%
Major city/Subdivision Baja California Sur
0%
Major city/Subdivision Baja Verapaz
0%
Major city/Subdivision Bakool
0%
Major city/Subdivision Baldone
0%
Major city/Subdivision Balıkesir
0%
Major city/Subdivision Balkh
0%
Major city/Subdivision Balochistan
0%
Major city/Subdivision Balqa
0%
Major city/Subdivision Baltinava
0%
Major city/Subdivision Balvi
0%
Major city/Subdivision Balzers
0%
Major city/Subdivision Bamingui-Bangoran
0%
Major city/Subdivision Bamyan
0%
Major city/Subdivision Banaadir
0%
Major city/Subdivision Banaba
0%
Major city/Subdivision Bangka Belitung Islands
0%
Major city/Subdivision Bangsamoro Autonomous Region in Muslim Mindanao
0%
Major city/Subdivision Banská Bystrica
0%
Major city/Subdivision Banteay Meanchey
0%
Major city/Subdivision Banten
0%
Major city/Subdivision Baoruco
0%
Major city/Subdivision Barahona
0%
Major city/Subdivision Baranya
0%
Major city/Subdivision Barbuda
0%
Major city/Subdivision Bà Rịa-Vũng Tàu
0%
Major city/Subdivision Barima-Waini
0%
Major city/Subdivision Barinas
0%
Major city/Subdivision Baringo
0%
Major city/Subdivision Barisal
0%
Major city/Subdivision Basarabeasca
0%
Major city/Subdivision Basel-Landschaft
0%
Major city/Subdivision Basel-Stadt
0%
Major city/Subdivision Bashkortostan
0%
Major city/Subdivision Basilicata
0%
Major city/Subdivision Basque Autonomous Community
0%
Major city/Subdivision Bas-Sassandra
0%
Major city/Subdivision Basse-Kotto
0%
Major city/Subdivision Bas-Uele
0%
Major city/Subdivision Batha
0%
Major city/Subdivision Batken
0%
Major city/Subdivision Batna
0%
Major city/Subdivision Battambang
0%
Major city/Subdivision Baucau
0%
Major city/Subdivision Bauchi
0%
Major city/Subdivision Bauska
0%
Major city/Subdivision Bayankhongor
0%
Major city/Subdivision Bayan-Ulgii
0%
Major city/Subdivision Bayelsa
0%
Major city/Subdivision Bay-Islands
0%
Major city/Subdivision Bay of Plenty
0%
Sea Beaufort Sea
0%
Major city/Subdivision Beau Vallon
0%
Major city/Subdivision Beheira
0%
Major city/Subdivision Beja
0%
Major city/Subdivision Béja
0%
Major city/Subdivision Békés
0%
Major city/Subdivision Bel Air
0%
Major city/Subdivision Belait
0%
Major city/Subdivision Belgorod
0%
Sea Bellingshausen Sea
0%
Major city/Subdivision Bel Ombre
0%
Major city/Subdivision Beltinci
0%
Major city/Subdivision Ben Arous
0%
Major city/Subdivision Bender
0%
Major city/Subdivision Benghazi
0%
Major city/Subdivision Bengkulu
0%
Major city/Subdivision Bengo
0%
Major city/Subdivision Benguela
0%
Major city/Subdivision Béni Mellal-Khénifra
0%
Major city/Subdivision Benishangul-Gumuz
0%
Major city/Subdivision Beni Suef
0%
Major city/Subdivision Benue
0%
Major city/Subdivision Beqaa
0%
Major city/Subdivision Berane
0%
Major city/Subdivision Berat
0%
Major city/Subdivision Berea
0%
Major city/Subdivision Berovo
0%
Major city/Subdivision Berry Islands
0%
Major city/Subdivision Beru
0%
Major city/Subdivision Betio
0%
Major city/Subdivision Betsiboka
0%
Major city/Subdivision Bicol
0%
Major city/Subdivision Bihar
0%
Major city/Subdivision Bihor
0%
Major city/Subdivision Bijelo Polje
0%
Major city/Subdivision Bimini
0%
Major city/Subdivision Biobio
0%
Major city/Subdivision Bioko Norte
0%
Major city/Subdivision Bioko Sur
0%
Major city/Subdivision Biombo
0%
Major city/Subdivision Bistrița-Năsăud
0%
Major city/Subdivision Bitlis
0%
Major city/Subdivision Bitola
0%
Major city/Subdivision Bizerte
0%
Major city/Subdivision Bjelovar-Bilogora
0%
Major city/Subdivision Black Point
0%
Major city/Subdivision Blagoevgrad
0%
Major city/Subdivision Bláskógabyggð
0%
Major city/Subdivision Bled
0%
Major city/Subdivision Blekinge
0%
Major city/Subdivision Blönduósbær
0%
Major city/Subdivision Blue Nile
0%
Major city/Subdivision Boaco
0%
Major city/Subdivision Bobonaro
0%
Major city/Subdivision Bocas del Toro
0%
Major city/Subdivision Boe
0%
Major city/Subdivision Boeny
0%
Major city/Subdivision Bogdanci
0%
Major city/Subdivision Bogovinje
0%
Sea Bohai Sea
0%
Sea Bohol Sea
0%
Major city/Subdivision Boké
0%
Major city/Subdivision Bokèo
0%
Major city/Subdivision Bolama
0%
Major city/Subdivision Bolikhamxai
0%
Major city/Subdivision Bolívar
0%
Major city/Subdivision Bolungarvík
0%
Major city/Subdivision Bomet
0%
Major city/Subdivision Bomi
0%
Major city/Subdivision Bong
0%
Major city/Subdivision Bongolava
0%
Major city/Subdivision Bono
0%
Major city/Subdivision Bono East
0%
Major city/Subdivision Boquerón
0%
Major city/Subdivision Borgarbyggð
0%
Major city/Subdivision Borgarfjarðarhreppur
0%
Major city/Subdivision Borgo Maggiore
0%
Major city/Subdivision Borgou
0%
Major city/Subdivision Borkou
0%
Major city/Subdivision Borno
0%
Major city/Subdivision Borsod-Abaúj-Zemplén
0%
Major city/Subdivision Bosilovo
0%
Major city/Subdivision Botoșani
0%
Major city/Subdivision Boucle du Mouhoun
0%
Major city/Subdivision Bouenza
0%
Major city/Subdivision Bourgogne-Franche-Comté
0%
Major city/Subdivision Boyacá
0%
Major city/Subdivision Braga
0%
Major city/Subdivision Bragança
0%
Major city/Subdivision Brăila
0%
Major city/Subdivision Brakna
0%
Major city/Subdivision Brandenburg
0%
Major city/Subdivision Braničevo
0%
Major city/Subdivision Brașov
0%
Major city/Subdivision Brčko
0%
Major city/Subdivision Briceni
0%
Major city/Subdivision British Colombia
0%
Major city/Subdivision Brocēni
0%
Major city/Subdivision Brod-Posavina
0%
Major city/Subdivision Brokopondo
0%
Major city/Subdivision Brunei-Muara
0%
Major city/Subdivision Brussels-Capital Region
0%
Major city/Subdivision Brvenica
0%
Major city/Subdivision Bryansk
0%
Major city/Subdivision Bua
0%
Major city/Subdivision Buada
0%
Major city/Subdivision Bubanza
0%
Major city/Subdivision Budaka
0%
Major city/Subdivision Budva
0%
Major city/Subdivision Bueng Kan
0%
Major city/Subdivision Bukhara
0%
Major city/Subdivision Bulawayo
0%
Major city/Subdivision Bulgan
0%
Major city/Subdivision Bumthang
0%
Major city/Subdivision Bungoma
0%
Major city/Subdivision Burgas
0%
Major city/Subdivision Burgenland
0%
Major city/Subdivision Buriram
0%
Major city/Subdivision Buryatia
0%
Major city/Subdivision Bushehr
0%
Major city/Subdivision Busia
0%
Major city/Subdivision Butaritari
0%
Major city/Subdivision Butel
0%
Major city/Subdivision Butha-Buthe
0%
Major city/Subdivision Butnan
0%
Major city/Subdivision Buzău
0%
Major city/Subdivision Balakan
0%
Major city/Subdivision Barda
0%
Major city/Subdivision Bartın
0%
Major city/Subdivision Battambang
0%
Major city/Subdivision Bayburt
0%
Major city/Subdivision Bắc Giang
0%
Major city/Subdivision Bắc Kạn
0%
Major city/Subdivision Bạc Liêu
0%
Major city/Subdivision Bắc Ninh
0%
Major city/Subdivision Béchar
0%
Capital Begawan
0%
Major city/Subdivision Béjaïa
0%
Major city/Subdivision Benedikt
0%
Major city/Subdivision Béni Abbès
0%
Major city/Subdivision Beverīna
0%
Major city/Subdivision Beylagan
0%
Major city/Subdivision Bilasuvar
0%
Major city/Subdivision Bilecik
0%
Major city/Subdivision Bingöl
0%
Major city/Subdivision Bình Định
0%
Major city/Subdivision Bình Dương
0%
Major city/Subdivision Bình Phước
0%
Major city/Subdivision Bình Thuận
0%
Major city/Subdivision Biskra
0%
Major city/Subdivision Bistrica ob Sotli
0%
Major city/Subdivision Blida
0%
Major city/Subdivision Bloke
0%
Major city/Subdivision Bến Tre
0%
Major city/Subdivision Bohinj
0%
Major city/Subdivision Bolu
0%
Major city/Subdivision Bordj Baji Mokhtar
0%
Major city/Subdivision Bordj Bou Arréridj
0%
Major city/Subdivision Borovnica
0%
Major city/Subdivision Bouïra
0%
Major city/Subdivision Boumerdès
0%
Major city/Subdivision Bovec
0%
Major city/Subdivision Braslovče
0%
Major city/Subdivision Brda
0%
Major city/Subdivision Brežice
0%
Major city/Subdivision Brezovica
0%
Major city/Subdivision Bududa
0%
Major city/Subdivision Bugiri
0%
Major city/Subdivision Bugweri
0%
Major city/Subdivision Buhweju
0%
Major city/Subdivision Buikwe
0%
Major city/Subdivision Bujumbura Mairie
0%
Major city/Subdivision Bujumbura Rural
0%
Major city/Subdivision Bukedea
0%
Major city/Subdivision Bukomansimbi
0%
Major city/Subdivision Bukwa
0%
Major city/Subdivision Bulambuli
0%
Major city/Subdivision Buliisa
0%
Major city/Subdivision Bundibugyo
0%
Major city/Subdivision Bunyangabu
0%
Major city/Subdivision Burdur
0%
Major city/Subdivision Bursa
0%
Major city/Subdivision Burtnieki
0%
Major city/Subdivision Bururi
0%
Major city/Subdivision Bushenyi
0%
Major city/Subdivision Busia
0%
Major city/Subdivision Butaleja
0%
Major city/Subdivision Butambala
0%
Major city/Subdivision Butebo
0%
Major city/Subdivision Buvuma
0%
Major city/Subdivision Buyende
0%
No matching quizzes found
Score Distribution
Percent of People with Each Score
Percentile by Number Answered
Your Score History
You have not taken this quiz